[Event "Czech Open Rapid 2019"]
[Site "Pardubice"]
[Date "2019.07.18"]
[Round "7.34"]
[White "Berdnyk, Mariia"]
[Black "Rakshitta Ravi"]
[Result "1-0"]
[WhiteElo "2247"]
[BlackElo "2112"]
[Annotator "NA"]
[PlyCount "57"]
[EventDate "2019.07.17"]
[EventType "swiss"]
[EventCountry "CZE"]
[SourceTitle "playchess.com"]
[Source "ChessBase"]
[SourceQuality "1"]

1. Nf3 Nf6 2. g3 d5 3. d4 e6 4. c4 Be7 5. Bg2 O-O 6. O-O dxc4 7. Qc2 a6 8. a4 Bd7 9. Qxc4 Bc6 10. Bf4 Bd6 11. Qc1 a5 12. Nc3 Na6 13. Bg5 Be7 14. Rd1 Ne4 15. Bxe7 Qxe7 16. Qf4 Qd6 17. Qh4 Nxc3 18. bxc3 f6 19. e4 Qd7 20. d5 Bxa4 21. Rd4 b5 22. dxe6 Qxe6 23. Bh3 Qe8 24. e5 fxe5 25. Ng5 h6 26. Be6+ Kh8 27. Rd7 Nc5 28. Qxh6+ gxh6 29. Rh7# 1-0

[Event "Czech Open Rapid 2019"]
[Site "Pardubice"]
[Date "2019.07.18"]
[Round "7.34"]
[White "Chubar, Vladimir"]
[Black "Eliseev, Sergey"]
[Result "1-0"]
[WhiteElo "1927"]
[BlackElo "2053"]
[Annotator "NA"]
[PlyCount "81"]
[EventDate "2019.07.17"]
[EventType "swiss"]
[EventCountry "CZE"]
[SourceTitle "playchess.com"]
[Source "ChessBase"]
[SourceQuality "1"]

1. Nf3 c5 2. c3 Nf6 3. d4 cxd4 4. cxd4 d5 5. Nc3 e6 6. Bf4 Bd6 7. Bg5 Qa5 8. Bxf6 gxf6 9. e3 Nc6 10. Bd3 e5 11. dxe5 fxe5 12. Be2 Be6 13. O-O Rg8 14. Kh1 a6 15. a3 e4 16. Nd4 Nxd4 17. Qxd4 Qc5 18. Qxc5 Bxc5 19. Rfd1 Rg5 20. Rac1 Be7 21. Na4 b5 22. Nc5 Rd8 23. Nxa6 Bd7 24. Nc7+ Kf8 25. Nxd5 Be6 26. Nxe7 Kxe7 27. Rxd8 Kxd8 28. h4 Rd5 29. Rd1 Kc7 30. Rxd5 Bxd5 31. Bxb5 Kb6 32. a4 Ka5 33. Kh2 Bb3 34. Kg3 Be6 35. Kf4 f5 36. Kg5 Kb4 37. Kh6 Bg8 38. Kg7 Bb3 39. Kxh7 Bd1 40. Kg6 Kb3 41. Kxf5 1-0

[Event "Czech Open Rapid 2019"]
[Site "Pardubice"]
[Date "2019.07.18"]
[Round "7.35"]
[White "Maiorov, Nikita"]
[Black "Juchelka, Petr"]
[Result "1-0"]
[WhiteElo "2522"]
[BlackElo "1691"]
[Annotator "ChessBase"]
[PlyCount "107"]
[EventDate "2019.07.17"]
[EventType "swiss"]
[EventCountry "CZE"]
[SourceTitle "playchess.com"]
[Source "ChessBase"]
[SourceQuality "1"]

1. c4 Nf6 2. Nc3 e5 3. g3 Nc6 4. Bg2 d6 5. d3 Be7 6. Nf3 O-O 7. O-O Nd4 8. e3 Nxf3+ 9. Bxf3 c6 10. d4 Qc7 11. b3 Bf5 12. Bb2 e4 13. Bg2 d5 14. cxd5 cxd5 15. Rc1 Qd7 16. Qe2 a6 17. Na4 Bd8 18. Ba3 b5 19. Bxf8 bxa4 20. Bc5 axb3 21. axb3 Qb7 22. b4 Bd7 23. Qa2 Bb5 24. Rfd1 Bc4 25. Rxc4 dxc4 26. Qxc4 Rc8 27. Ra1 Ra8 28. d5 a5 29. Bxe4 axb4 30. Rxa8 Qxa8 31. Bxb4 Qa1+ 32. Kg2 Qe5 33. Bf3 h6 34. Qc8 Qc7 35. Qxc7 Bxc7 36. d6 Bd8 37. Bc6 g5 38. e4 Kg7 39. f4 g4 40. e5 Nh7 41. Bc5 Nf8 42. Kf2 Ne6 43. Ba7 f5 44. Bd7 Kf7 45. Ke3 Ng7 46. Kd4 h5 47. Kd5 h4 48. Bd4 hxg3 49. hxg3 Nh5 50. Bxf5 Nxg3 51. Bxg4 Kg6 52. e6 Ba5 53. e7 Kf7 54. Bf2 1-0

[Event "Czech Open Rapid 2019"]
[Site "Pardubice"]
[Date "2019.07.18"]
[Round "7.35"]
[White "Sreyas Payyappat"]
[Black "Zhuravlev, Stepan"]
[Result "1-0"]
[WhiteElo "2072"]
[BlackElo "2182"]
[Annotator "NA"]
[PlyCount "75"]
[EventDate "2019.07.17"]
[EventType "swiss"]
[EventCountry "CZE"]
[SourceTitle "playchess.com"]
[Source "ChessBase"]
[SourceQuality "1"]

1. e4 e5 2. Nf3 Nc6 3. Bc4 Nf6 4. d3 Bc5 5. c3 a6 6. O-O Ba7 7. Bg5 h6 8. Bh4 d6 9. d4 Qe7 10. dxe5 dxe5 11. Nbd2 O-O 12. Bd5 Bg4 13. Qb3 Nd8 14. Bg3 c6 15. Bc4 b5 16. Bd3 Nd7 17. a4 Be6 18. Qa3 Qf6 19. axb5 axb5 20. Qd6 Bb8 21. Qxf8+ Kxf8 22. Rxa8 Qe7 23. Bc2 f6 24. Rd1 g5 25. h3 Bc7 26. Nb3 Kg7 27. Nfd4 Nb6 28. Rxd8 exd4 29. Bxc7 Qxc7 30. Nxd4 Bc8 31. Nf5+ Bxf5 32. exf5 Nd5 33. Ra8 Qe5 34. g3 h5 35. Rda1 Nc7 36. R1a7 h4 37. Rc8 hxg3 38. Raxc7+ 1-0

[Event "Czech Open Rapid 2019"]
[Site "Pardubice"]
[Date "2019.07.18"]
[Round "7.36"]
[White "Soural, Jan"]
[Black "Dev, Shah"]
[Result "1/2-1/2"]
[WhiteElo "2196"]
[BlackElo "2147"]
[Annotator "TA"]
[PlyCount "197"]
[EventDate "2019.07.17"]
[EventType "swiss"]
[EventCountry "CZE"]
[SourceTitle "playchess.com"]
[Source "ChessBase"]
[SourceQuality "1"]

1. d4 d5 2. c4 c6 3. Nf3 Nf6 4. g3 e6 5. Bg2 Nbd7 6. Qc2 Bd6 7. O-O O-O 8. Rd1 Qe7 9. Nbd2 Rd8 10. e4 dxe4 11. Nxe4 Nxe4 12. Qxe4 Nf8 13. Be3 Bd7 14. c5 Bc7 15. b4 Be8 16. Bf4 Ng6 17. Bxc7 Qxc7 18. Re1 h6 19. Rab1 Ne7 20. a4 Nd5 21. Qc2 a5 22. b5 Nb4 23. Qc4 Qd7 24. b6 Qd5 25. Qc3 Qa2 26. Ra1 Qc2 27. Qe3 Qh7 28. Ne5 Nc2 29. Be4 Nxe3 30. Bxh7+ Kxh7 31. fxe3 f6 32. Nc4 Bg6 33. Nd6 Rd7 34. Kf2 Kg8 35. e4 Bf7 36. Rad1 Rad8 37. e5 f5 38. h4 Bh5 39. Rb1 Bg4 40. Ke3 Kh7 41. Rb2 Kg6 42. Rd2 Kh5 43. Kf4 Rf8 44. Rf1 Kg6 45. Ke3 Kh5 46. Kd3 Kg6 47. Kc3 Rfd8 48. Nc4 Ra8 49. Ne3 h5 50. Ng2 Kf7 51. Ne3 Kg6 52. Nc4 Kf7 53. Kd3 Ke7 54. Ke3 Kf7 55. Kf4 Kg6 56. Nd6 Rad8 57. Rc1 Re7 58. Rc3 Kh6 59. Re3 Kg6 60. Re1 Kh6 61. Ke3 Kg6 62. Rf1 Red7 63. Kd3 Re7 64. Kc3 Red7 65. Nc4 Ra8 66. Ne3 Rad8 67. Ng2 Kf7 68. Nf4 g6 69. Re1 Re7 70. Kd3 Kg7 71. Ke3 Kf7 72. Nd3 Kg7 73. Nb2 Red7 74. Nc4 Ra8 75. Kf4 Kh6 76. Nd6 Re7 77. Rd3 Rf8 78. Rde3 Kg7 79. Nc4 Ra8 80. Rd3 Kh6 81. Nd6 Rf8 82. Rde3 Kg7 83. Nc4 Ra8 84. Nd2 Rd8 85. Nb3 Red7 86. Rd3 Ra8 87. d5 exd5 88. Nd4 Re7 89. e6 Kf6 90. Rb1 Rae8 91. Re3 Rd8 92. Reb3 Rde8 93. Re1 Rd8 94. Reb1 Rg8 95. Re1 Rge8 96. Ree3 Rd8 97. Re1 Rb8 98. Rbe3 Rg8 99. Rb3 1/2-1/2

[Event "Czech Open Rapid 2019"]
[Site "Pardubice"]
[Date "2019.07.18"]
[Round "7.37"]
[White "Movsesian, Julia"]
[Black "Chirivi C, Jenny Astrid"]
[Result "1-0"]
[WhiteElo "2291"]
[BlackElo "2089"]
[Annotator "NA"]
[PlyCount "99"]
[EventDate "2019.07.17"]
[EventType "swiss"]
[EventCountry "CZE"]
[SourceTitle "playchess.com"]
[Source "ChessBase"]
[SourceQuality "1"]

1. e4 c5 2. Nf3 e6 3. Nc3 a6 4. d4 cxd4 5. Nxd4 Qc7 6. Be2 b5 7. O-O Bb7 8. Bf3 Nc6 9. g3 Nxd4 10. Qxd4 Nf6 11. Bf4 d6 12. Qd3 Rd8 13. Rad1 Be7 14. Bg2 O-O 15. a3 h6 16. h3 e5 17. Be3 Bc8 18. Qd2 Be6 19. f4 Bc4 20. Rfe1 exf4 21. gxf4 Be6 22. Qf2 Rb8 23. f5 Bd7 24. Ba7 Rbc8 25. Bd4 Bc6 26. Qg3 Rfd8 27. Bf3 d5 28. e5 Ne4 29. Qg2 Bc5 30. Bxc5 Nxc5 31. Nxd5 Bxd5 32. Bxd5 Kh8 33. c3 Re8 34. Qh2 Na4 35. Rd4 Nb6 36. Bb3 a5 37. Rh4 Qc5+ 38. Kf1 a4 39. Bxf7 Rf8 40. Bg6 Nc4 41. Qf4 Kg8 42. e6 Qd5 43. Bf7+ Kh7 44. Kg1 Qd2 45. Qxd2 Nxd2 46. Bg6+ Kg8 47. Kf2 Nc4 48. e7 Nxb2 49. exf8=Q+ Kxf8 50. Rd4 1-0

[Event "Czech Open Rapid 2019"]
[Site "Pardubice"]
[Date "2019.07.18"]
[Round "7.38"]
[White "Krouzel, Jaroslav"]
[Black "Sarkar, Justin"]
[Result "0-1"]
[WhiteElo "2117"]
[BlackElo "2389"]
[Annotator "RC"]
[PlyCount "64"]
[EventDate "2019.07.17"]
[EventType "swiss"]
[EventCountry "CZE"]
[SourceTitle "playchess.com"]
[Source "ChessBase"]
[SourceQuality "1"]

1. d4 Nf6 2. c4 e6 3. Nc3 Bb4 4. Bg5 c5 5. d5 h6 6. Bh4 d6 7. f3 Bxc3+ 8. bxc3 e5 9. Qc2 Nbd7 10. e3 Qe7 11. Bd3 g5 12. Bg3 Nh5 13. Ne2 Ndf6 14. O-O Bd7 15. Rab1 b6 16. Bf5 Bxf5 17. Qxf5 Qd7 18. Qc2 O-O 19. f4 exf4 20. exf4 Rae8 21. fxg5 hxg5 22. Rbe1 Ne4 23. Bf2 f5 24. Ng3 Nhxg3 25. Bxg3 Kg7 26. Bf2 Re5 27. Be3 Rfe8 28. Bc1 f4 29. Re2 Qg4 30. h3 Qg3 31. Rf3 Qh4 32. Qd1 Nxc3 0-1

[Event "Czech Open Rapid 2019"]
[Site "Pardubice"]
[Date "2019.07.18"]
[Round "7.39"]
[White "Chudinovskikh, Alexander M"]
[Black "Ibrahim, Emad Eldin"]
[Result "1-0"]
[WhiteElo "2152"]
[BlackElo "2042"]
[Annotator "NA"]
[PlyCount "131"]
[EventDate "2019.07.17"]
[EventType "swiss"]
[EventCountry "CZE"]
[SourceTitle "playchess.com"]
[Source "ChessBase"]
[SourceQuality "1"]

1. e4 c5 2. Nf3 g6 3. d4 cxd4 4. Nxd4 Nc6 5. c4 Nf6 6. Nc3 Nxd4 7. Qxd4 d6 8. Bg5 Bg7 9. Be2 O-O 10. Qd2 a5 11. O-O a4 12. Rad1 Qa5 13. f4 Be6 14. f5 gxf5 15. exf5 Bxf5 16. Bxf6 Bxf6 17. Nd5 Qxd2 18. Nxf6+ exf6 19. Rxd2 Be6 20. Rxf6 Rfd8 21. Rf4 Rac8 22. b3 axb3 23. axb3 Kf8 24. Rh4 Kg7 25. Rhd4 Rc6 26. Kf2 Kf6 27. Rh4 Bf5 28. Rd5 Rc5 29. Rhd4 Rxd5 30. Rxd5 Be4 31. Rb5 Bc6 32. Rh5 Kg7 33. Bd3 h6 34. Ra5 d5 35. c5 d4 36. b4 Bd5 37. Ra1 Re8 38. Rd1 Rd8 39. b5 Rc8 40. Rc1 Kf6 41. g4 h5 42. gxh5 Kg5 43. h3 Kxh5 44. Bf5 Rc7 45. b6 Re7 46. Rd1 Re5 47. Bg4+ Kg5 48. Rxd4 f5 49. h4+ Kf6 50. Be2 Bc6 51. Rd6+ Kg7 52. Rxc6 bxc6 53. b7 Re8 54. Bf3 Kf6 55. Bxc6 Rh8 56. Bd7 Rb8 57. c6 Ke7 58. c7 Rxb7 59. c8=Q Rxd7 60. Qc5+ Ke6 61. Kf3 Rg7 62. Qc6+ Kf7 63. Kf4 Rg4+ 64. Kxf5 Rxh4 65. Qd7+ Kg8 66. Qd8+ 1-0

[Event "Czech Open Rapid 2019"]
[Site "Pardubice"]
[Date "2019.07.18"]
[Round "7.40"]
[White "Dobes, Vojtech"]
[Black "Ter-Saakian, Grigorii"]
[Result "0-1"]
[WhiteElo "2212"]
[BlackElo "2338"]
[Annotator "NA"]
[PlyCount "50"]
[EventDate "2019.07.17"]
[EventType "swiss"]
[EventCountry "CZE"]
[SourceTitle "playchess.com"]
[Source "ChessBase"]
[SourceQuality "1"]

1. e4 d5 2. exd5 Qxd5 3. Nc3 Qd6 4. d4 Nf6 5. Nf3 a6 6. g3 Bg4 7. Bg2 Nc6 8. O-O O-O-O 9. Be3 e6 10. h3 Bh5 11. g4 Bg6 12. Qd2 Ne4 13. Nxe4 Bxe4 14. Rad1 f5 15. c4 Be7 16. Bf4 Qd7 17. gxf5 Bxf3 18. Bxf3 Nxd4 19. Bg2 e5 20. Be3 Qxf5 21. Bxd4 exd4 22. b4 Rd6 23. c5 Rg6 24. Qxd4 Qf3 25. Qd7+ Kb8 0-1

[Event "Czech Open Rapid 2019"]
[Site "Pardubice"]
[Date "2019.07.18"]
[Round "7.41"]
[White "Freisler, Pavel"]
[Black "Valenta, Vit"]
[Result "0-1"]
[WhiteElo "2261"]
[BlackElo "2147"]
[Annotator "NA"]
[PlyCount "122"]
[EventDate "2019.07.17"]
[EventType "swiss"]
[EventCountry "CZE"]
[SourceTitle "playchess.com"]
[Source "ChessBase"]
[SourceQuality "1"]

1. Nf3 Nf6 2. c4 d6 3. g3 g6 4. Bg2 Bg7 5. d4 O-O 6. O-O Nbd7 7. Nc3 e5 8. e4 c6 9. h3 Re8 10. Re1 Qc7 11. b3 a6 12. Be3 Qa5 13. Qc2 Nf8 14. Rab1 Ne6 15. b4 Qc7 16. dxe5 dxe5 17. c5 Nd7 18. Rbd1 a5 19. a3 axb4 20. axb4 Ndf8 21. Na4 Nd7 22. Qb3 Nef8 23. Nd2 Ne6 24. Nc4 Nd4 25. Bxd4 exd4 26. Nd6 Rf8 27. f4 b5 28. Nb2 Nb6 29. Nxc8 Nxc8 30. e5 Rd8 31. e6 Ne7 32. exf7+ Kf8 33. Nd3 Nd5 34. Bxd5 Rxd5 35. Re4 Qxf7 36. Rde1 Rd7 37. Re6 Re7 38. f5 gxf5 39. Kg2 Rxe6 40. Rxe6 Ra3 41. Qxa3 Qxe6 42. Nf4 Qe4+ 43. Kf2 Be5 44. Qa8+ Kf7 45. Qb7+ Kf6 46. Qxh7 Bxf4 47. Qh8+ Kf7 48. Qh7+ Ke6 49. Qg8+ Kd7 50. Qf7+ Kc8 51. gxf4 Qxf4+ 52. Kg2 Qe4+ 53. Kg3 d3 54. Qf8+ Kd7 55. Qf7+ Kd8 56. Qf8+ Qe8 57. Qxf5 Qe3+ 58. Qf3 Qe1+ 59. Kg4 d2 60. Qf8+ Qe8 61. Qf6+ Qe7 0-1

[Event "Czech Open Rapid 2019"]
[Site "Pardubice"]
[Date "2019.07.18"]
[Round "7.42"]
[White "Hrabinska, Myroslava"]
[Black "Babicka, Michal"]
[Result "0-1"]
[WhiteElo "2243"]
[BlackElo "2005"]
[Annotator "NA"]
[PlyCount "86"]
[EventDate "2019.07.17"]
[EventType "swiss"]
[EventCountry "CZE"]
[SourceTitle "playchess.com"]
[Source "ChessBase"]
[SourceQuality "1"]

1. e4 c5 2. b4 cxb4 3. a3 e5 4. Nf3 Nc6 5. Bc4 h6 6. Bb2 d6 7. axb4 Nf6 8. b5 Na5 9. Ba2 Be7 10. Bc3 b6 11. Bxa5 bxa5 12. O-O O-O 13. Nc3 a6 14. b6 Qxb6 15. Qe2 Bd7 16. Rfb1 Qc7 17. Nd5 Nxd5 18. Bxd5 Rab8 19. c3 Rxb1+ 20. Rxb1 Rb8 21. Rxb8+ Qxb8 22. Qxa6 Qb1+ 23. Qf1 Qxf1+ 24. Kxf1 a4 25. Ke2 Be6 26. Kd3 Bxd5 27. exd5 f5 28. Kc4 Bf6 29. Kb4 Kf7 30. Kxa4 e4 31. Nd4 Bxd4 32. cxd4 f4 33. Kb5 Ke7 34. Kc6 g5 35. Kc7 g4 36. Kc6 h5 37. Kc7 h4 38. Kc6 g3 39. hxg3 f3 40. gxf3 h3 41. fxe4 h2 42. e5 h1=Q 43. exd6+ Kd8 0-1

[Event "Czech Open Rapid 2019"]
[Site "Pardubice"]
[Date "2019.07.18"]
[Round "8.1"]
[White "Bagi, Mate"]
[Black "Bryzgalin, Kirill"]
[Result "1/2-1/2"]
[WhiteElo "2459"]
[BlackElo "2437"]
[Annotator "ChessBase"]
[PlyCount "53"]
[EventDate "2019.07.17"]
[EventType "swiss"]
[EventCountry "CZE"]
[SourceTitle "playchess.com"]
[Source "ChessBase"]
[SourceQuality "1"]

1. e4 e5 2. Nf3 Nc6 3. Nc3 Be7 4. d4 exd4 5. Nxd4 d6 6. Bb5 Bd7 7. O-O Nf6 8. Re1 Nxd4 9. Bxd7+ Nxd7 10. Qxd4 O-O 11. Nd5 Re8 12. b3 Bf6 13. Nxf6+ Qxf6 14. Bb2 Qxd4 15. Bxd4 a5 16. a4 Re6 17. f3 Rae8 18. Kf2 b6 19. Rad1 f6 20. g4 Kf7 21. Bc3 Ne5 22. Kg3 h6 23. h3 R6e7 24. Re2 Re6 25. Ree1 R6e7 26. Re2 Re6 27. Ree1 1/2-1/2

[Event "Czech Open Rapid 2019"]
[Site "Pardubice"]
[Date "2019.07.18"]
[Round "8.1"]
[White "Lalic, Bogdan"]
[Black "Castrillon Gomez, Melissa"]
[Result "1-0"]
[WhiteElo "2411"]
[BlackElo "2245"]
[Annotator "NA"]
[PlyCount "67"]
[EventDate "2019.07.17"]
[EventType "swiss"]
[EventCountry "CZE"]
[SourceTitle "playchess.com"]
[Source "ChessBase"]
[SourceQuality "1"]

1. d4 Nf6 2. c4 c5 3. d5 b5 4. cxb5 a6 5. bxa6 g6 6. Nc3 Bg7 7. a7 Rxa7 8. e4 O-O 9. Nf3 d6 10. Be2 Ba6 11. O-O Qa5 12. e5 Ng4 13. exd6 exd6 14. Bf4 Ne5 15. Nxe5 dxe5 16. Be3 Nd7 17. Rc1 f5 18. f3 Nb6 19. Bxa6 Rxa6 20. Qe2 c4 21. Rfd1 Rd8 22. Kh1 Kh8 23. d6 Nc8 24. d7 Nd6 25. Rd5 Qc7 26. Rcd1 Rxd7 27. Nb5 Qb8 28. a4 Nxb5 29. Rxd7 Nd4 30. Bxd4 exd4 31. Qxc4 Ra8 32. R1xd4 Qe8 33. Rd1 Rc8 34. Qxc8 1-0

[Event "Czech Open Rapid 2019"]
[Site "Pardubice"]
[Date "2019.07.18"]
[Round "8.2"]
[White "Vorobiov, Evgeny E."]
[Black "Movsesian, Sergei"]
[Result "1/2-1/2"]
[WhiteElo "2578"]
[BlackElo "2649"]
[Annotator "TA"]
[PlyCount "59"]
[EventDate "2019.07.17"]
[EventType "swiss"]
[EventCountry "CZE"]
[SourceTitle "playchess.com"]
[Source "ChessBase"]
[SourceQuality "1"]

1. d4 Nf6 2. c4 e6 3. Nf3 d5 4. g3 Bb4+ 5. Bd2 Be7 6. Bg2 O-O 7. O-O c6 8. Qc2 Nbd7 9. Bf4 Nh5 10. Bc1 Nhf6 11. Nbd2 b6 12. e4 Bb7 13. e5 Ne8 14. cxd5 cxd5 15. Re1 Rc8 16. Qd1 a5 17. Nf1 Ba6 18. h4 Rc6 19. Bg5 h6 20. Bxe7 Qxe7 21. Qd2 Nc7 22. Rec1 Rxc1 23. Rxc1 Rc8 24. Ne3 Qd8 25. Ne1 Ne8 26. Rc3 Rxc3 27. Qxc3 Qc7 28. Qxc7 Nxc7 29. Bf1 Nb8 30. Bxa6 1/2-1/2

[Event "Czech Open Rapid 2019"]
[Site "Pardubice"]
[Date "2019.07.18"]
[Round "8.2"]
[White "Blatny, Pavel"]
[Black "Escobar Medina, Andres F"]
[Result "0-1"]
[WhiteElo "2321"]
[BlackElo "2296"]
[Annotator "NA"]
[PlyCount "64"]
[EventDate "2019.07.17"]
[EventType "swiss"]
[EventCountry "CZE"]
[SourceTitle "playchess.com"]
[Source "ChessBase"]
[SourceQuality "1"]

1. e3 Nf6 2. b3 g6 3. Bb2 Bg7 4. f4 O-O 5. Nf3 d6 6. c4 c5 7. Nc3 Nc6 8. Be2 a6 9. d4 cxd4 10. exd4 d5 11. O-O dxc4 12. bxc4 Ng4 13. Nd5 e6 14. h3 exd5 15. hxg4 Bxg4 16. Ne5 Bxe2 17. Qxe2 dxc4 18. Nxc6 bxc6 19. Qxc4 Rb8 20. Bc3 Qd5 21. Qxd5 cxd5 22. Rfd1 Rfc8 23. Rac1 Rc4 24. Ba1 Rbc8 25. Rxc4 Rxc4 26. Kh2 Rc2 27. a3 Bf8 28. Rb1 Bd6 29. Rb6 Bxf4+ 30. Kh3 Ra2 31. Bb2 Bh6 32. Bc3 Rxa3 0-1

[Event "Czech Open Rapid 2019"]
[Site "Pardubice"]
[Date "2019.07.18"]
[Round "8.3"]
[White "Potapov, Pavel"]
[Black "Goriatchkin, Jouri"]
[Result "1/2-1/2"]
[WhiteElo "2485"]
[BlackElo "2316"]
[Annotator "ChessBase"]
[PlyCount "111"]
[EventDate "2019.07.17"]
[EventType "swiss"]
[EventCountry "CZE"]
[SourceTitle "playchess.com"]
[Source "ChessBase"]
[SourceQuality "1"]

1. e4 e6 2. d4 d5 3. Nc3 Nf6 4. e5 Nfd7 5. Nce2 c5 6. c3 Nc6 7. Nf3 cxd4 8. cxd4 f6 9. Nf4 Bb4+ 10. Bd2 Qe7 11. Nd3 Bxd2+ 12. Qxd2 O-O 13. exf6 Nxf6 14. Be2 Bd7 15. O-O Be8 16. Nde5 Ne4 17. Qe3 Bh5 18. Bd3 Bxf3 19. Nxf3 Nf6 20. Rfe1 Rae8 21. Ng5 e5 22. dxe5 Qxe5 23. Qxe5 Rxe5 24. f4 Rxe1+ 25. Rxe1 h6 26. Nf3 Re8 27. Rxe8+ Nxe8 28. Kf2 Kf7 29. Ke3 Nd6 30. b3 Kf6 31. g4 g5 32. fxg5+ hxg5 33. h4 d4+ 34. Kd2 gxh4 35. g5+ Ke6 36. Nxh4 Ne5 37. Ke2 Ndf7 38. g6 Nh6 39. Nf3 Nc6 40. Be4 Nd8 41. Nxd4+ Kf6 42. Ke3 Ng4+ 43. Kf4 Nh6 44. b4 a6 45. a4 b6 46. Bd3 Ng8 47. Bxa6 Ne7 48. Bc4 Kxg6 49. a5 bxa5 50. bxa5 Nec6 51. a6 Nxd4 52. a7 N4e6+ 53. Bxe6 Nxe6+ 54. Ke5 Nc7 55. Kd6 Nb5+ 56. Kc5 1/2-1/2

[Event "Czech Open Rapid 2019"]
[Site "Pardubice"]
[Date "2019.07.18"]
[Round "8.3"]
[White "Domogaev, Sergey"]
[Black "Mosesov, Danylo"]
[Result "0-1"]
[WhiteElo "2332"]
[BlackElo "2353"]
[Annotator "NA"]
[PlyCount "92"]
[EventDate "2019.07.17"]
[EventType "swiss"]
[EventCountry "CZE"]
[SourceTitle "playchess.com"]
[Source "ChessBase"]
[SourceQuality "1"]

1. d4 Nf6 2. c4 b6 3. Nc3 Bb7 4. Nf3 e6 5. Bg5 Bb4 6. Nd2 h6 7. Bh4 d6 8. f3 O-O 9. e4 Nbd7 10. Rc1 c5 11. d5 exd5 12. cxd5 Re8 13. Be2 a6 14. a3 Bxc3 15. bxc3 b5 16. O-O Ne5 17. Rb1 Ng6 18. Bf2 Nf4 19. Re1 Nd7 20. Bf1 Ne5 21. Qc2 Bc8 22. Be3 Nfg6 23. c4 Bd7 24. Be2 Qf6 25. Kh1 Nf4 26. Bf1 h5 27. g3 Nfg6 28. f4 Ng4 29. Bg1 h4 30. Nf3 hxg3 31. hxg3 Rab8 32. Bg2 bxc4 33. Qxc4 Rxb1 34. Rxb1 Bb5 35. Qc2 Nf8 36. a4 Qh6+ 37. Nh2 Bd7 38. Bf3 Nf6 39. Rb6 Qg6 40. Rxd6 Qxg3 41. Rxd7 N6xd7 42. Qd2 Ng6 43. Bf2 Qxf4 44. Be3 Qg3 45. Bf2 Qb8 46. Bh5 Qb1+ 0-1

[Event "Czech Open Rapid 2019"]
[Site "Pardubice"]
[Date "2019.07.18"]
[Round "8.4"]
[White "Valderrama Quiceno, Esteban Alb"]
[Black "Nagy, Gabor"]
[Result "1/2-1/2"]
[WhiteElo "2423"]
[BlackElo "2474"]
[Annotator "ChessBase"]
[PlyCount "34"]
[EventDate "2019.07.17"]
[EventType "swiss"]
[EventCountry "CZE"]
[SourceTitle "playchess.com"]
[Source "ChessBase"]
[SourceQuality "1"]

1. Nf3 Nf6 2. b3 g6 3. Bb2 Bg7 4. e3 O-O 5. Be2 c5 6. O-O Nc6 7. c4 d5 8. cxd5 Qxd5 9. Nc3 Qf5 10. Rc1 Rd8 11. a3 b6 12. Na4 Bb7 13. d3 Rac8 14. Qc2 e5 15. Rfd1 h6 16. Qb1 Qe6 17. Ba1 Nd5 1/2-1/2

[Event "Czech Open Rapid 2019"]
[Site "Pardubice"]
[Date "2019.07.18"]
[Round "8.4"]
[White "Bykova, Anastasia"]
[Black "Zpevak, Pavel"]
[Result "0-1"]
[WhiteElo "2229"]
[BlackElo "2343"]
[Annotator "NA"]
[PlyCount "96"]
[EventDate "2019.07.17"]
[EventType "swiss"]
[EventCountry "CZE"]
[SourceTitle "playchess.com"]
[Source "ChessBase"]
[SourceQuality "1"]

1. d4 Nf6 2. c4 d6 3. Nf3 Nbd7 4. g3 e5 5. Nc3 Be7 6. Bg2 c6 7. e4 O-O 8. O-O Re8 9. Re1 Bf8 10. h3 a6 11. Be3 b5 12. d5 b4 13. dxc6 bxc3 14. cxd7 Bxd7 15. Bc1 cxb2 16. Bxb2 Qc8 17. g4 Qxc4 18. g5 Ba4 19. Rc1 Qb5 20. Qd2 Nh5 21. Rc7 Nf4 22. Bf1 Qb6 23. Rec1 Ne6 24. R7c3 Nc5 25. Re3 Bc6 26. Rce1 Qb7 27. Qc2 Rac8 28. Ba3 Ne6 29. Qd2 Bb5 30. Rb3 Nf4 31. Kh2 Qd7 32. Rxb5 axb5 33. Nxe5 Qa7 34. Ng4 Ng6 35. Re3 Ne5 36. Bxb5 Nxg4+ 37. hxg4 Re5 38. Qe2 Qa5 39. Bd7 Rc7 40. f4 Rxd7 41. fxe5 Qxe5+ 42. Kg2 Qxg5 43. Rd3 h5 44. Kh3 Ra7 45. Bxd6 Bxd6 46. Rxd6 Ra3+ 47. Rd3 Qxg4+ 48. Qxg4 hxg4+ 0-1

[Event "Czech Open Rapid 2019"]
[Site "Pardubice"]
[Date "2019.07.18"]
[Round "8.5"]
[White "Pechac, Jergus"]
[Black "Peng, Li Min"]
[Result "1/2-1/2"]
[WhiteElo "2469"]
[BlackElo "2466"]
[Annotator "TA"]
[PlyCount "39"]
[EventDate "2019.07.17"]
[EventType "swiss"]
[EventCountry "CZE"]
[SourceTitle "playchess.com"]
[Source "ChessBase"]
[SourceQuality "1"]

1. d4 Nf6 2. c4 g6 3. g3 Bg7 4. Bg2 d5 5. Nf3 O-O 6. O-O dxc4 7. Na3 Nc6 8. Nxc4 Be6 9. b3 Bd5 10. Bb2 a5 11. Rc1 a4 12. bxa4 b6 13. e3 e6 14. Nfd2 Bxg2 15. Kxg2 Nd5 16. Qb3 Na5 17. Nxa5 Rxa5 18. Nc4 Ra6 19. e4 Ne7 20. Rfd1 1/2-1/2

[Event "Czech Open Rapid 2019"]
[Site "Pardubice"]
[Date "2019.07.18"]
[Round "8.5"]
[White "Potapov, Alexander"]
[Black "Berdnyk, Mariia"]
[Result "1-0"]
[WhiteElo "2409"]
[BlackElo "2247"]
[Annotator "NA"]
[PlyCount "59"]
[EventDate "2019.07.17"]
[EventType "swiss"]
[EventCountry "CZE"]
[SourceTitle "playchess.com"]
[Source "ChessBase"]
[SourceQuality "1"]

1. d4 Nf6 2. c4 g6 3. Nc3 Bg7 4. e4 d6 5. h3 O-O 6. Bg5 Nbd7 7. Bd3 e5 8. d5 a5 9. Nge2 Nc5 10. Bc2 Bd7 11. Qd2 Qe8 12. g4 b5 13. cxb5 Bxb5 14. O-O Rb8 15. b3 Qd7 16. f3 h5 17. Rf2 Nh7 18. Be3 Na6 19. Nxb5 Qxb5 20. Bd3 Qb7 21. gxh5 gxh5 22. Ng3 Nb4 23. Nf5 Nxd3 24. Rg2 Kh8 25. Rxg7 Rg8 26. Qg2 Nf4 27. Bxf4 exf4 28. Kh2 Qa8 29. Rg1 a4 30. Nh6 1-0

[Event "Czech Open Rapid 2019"]
[Site "Pardubice"]
[Date "2019.07.18"]
[Round "8.6"]
[White "Biolek, Richard Jr."]
[Black "Malygin, Vladislav"]
[Result "1-0"]
[WhiteElo "2447"]
[BlackElo "1855"]
[Annotator "NA"]
[PlyCount "133"]
[EventDate "2019.07.17"]
[EventType "swiss"]
[EventCountry "CZE"]
[SourceTitle "playchess.com"]
[Source "ChessBase"]
[SourceQuality "1"]

1. e4 c5 2. Nf3 e6 3. d4 cxd4 4. Nxd4 Nf6 5. Bd3 Nc6 6. Nxc6 bxc6 7. O-O d5 8. exd5 cxd5 9. c4 Be7 10. Nc3 O-O 11. cxd5 Nxd5 12. Qf3 Bb7 13. Be4 Rb8 14. Rd1 Qb6 15. Nxd5 Bxd5 16. Bxd5 exd5 17. Bf4 Rbd8 18. b3 d4 19. Rac1 Bd6 20. Bg5 f6 21. Bf4 Bxf4 22. Qxf4 Rfe8 23. Rd2 Qd6 24. Qxd6 Rxd6 25. Kf1 Kf7 26. Rc7+ Re7 27. Rxe7+ Kxe7 28. Ke2 Ke6 29. Kd3 Kd5 30. Rc2 Ra6 31. h4 h5 32. f3 g5 33. hxg5 fxg5 34. Re2 Ra3 35. g3 a5 36. Rh2 a4 37. Rxh5 axb3 38. Rxg5+ Ke6 39. axb3 Rxb3+ 40. Ke4 Re3+ 41. Kf4 Ra3 42. Ke4 Re3+ 43. Kf4 Ra3 44. Rg8 d3 45. Rd8 Ke7 46. Rd4 Ke6 47. Ke4 d2 48. Rxd2 Ra4+ 49. Rd4 Ra1 50. Rb4 Re1+ 51. Kf4 Rc1 52. g4 Rf1 53. Rb6+ Kf7 54. Ke4 Ra1 55. g5 Ra4+ 56. Kf5 Ra5+ 57. Kg4 Ra1 58. f4 Ra5 59. Rb7+ Ke6 60. f5+ Ke5 61. f6 Ra8 62. Re7+ Kd6 63. g6 Ra4+ 64. Kg5 Ra5+ 65. Kh6 Rf5 66. Kg7 Rf1 67. Re8 1-0